| 000 | 00617cam a22001814a 4500 | ||
|---|---|---|---|
| 005 | 20250605164403.0 | ||
| 008 | 250528s ||||||||||||||||||||||||d | ||
| 035 | _a24702 | ||
| 040 |
_aGR-AtMCL _bgre _dGR-AtMCL _eAACR2 |
||
| 245 | 1 | _aThe Journey Towards Greener Rail Freight Activity | |
| 260 | _c2022 | ||
| 300 | _a80 | ||
| 520 | _aThe Need for Cyber-Resilience in the Rail Sector, Plans for Change from Minister Wissing and Commissioner Valean, Developments in Signalling and Communications and Train Control. | ||
| 700 | 1 |
_aWaters Craig _99421 |
|
| 942 | _cCR | ||
| 999 |
_c9568 _d9568 |
||